00640nam a2200229Ia 4500001000600000003000900006008004100015040001300056040001300069041001300082100002000095100002900115245003400144245002400178250001100202260001100213260002300224260004900247300005700296650002600353650003100379 1934IT-RoPAU130308s9999 xx 000 0 und d aIT-RoPAU cIT-RoPAU aITALIANO aApollonio Mario gCodice Aut. SPICS: 9843 aMediazione drammaturgica (La) bRegia (La)-Volume I a1a ed. aTORINO bERI - Edizioni Rai c1955 [1° Ed.:1955 - Ed.Ling.Originale:1955] a"36 p. (prefazione: no ; testo: 36 [pagine: 13-49])" aREGIA CINEMATOGRAFICA eCodice materia Spics: 6803